69 Love Songs - Tracks - Statistics

General Stats
  • This quiz has been taken 5 times
  • The average score is 14 of 69
Answer Stats
Track No. Answer % Correct
1 Absolutely Cuckoo
75%
3 All My Little Words
75%
2 I Don't Believe in the Sun
75%
40 Papa Was a Rodeo
75%
5 Reno Dakota
75%
12 The Book of Love
75%
69 Zebra
75%
4 A Chicken with Its Head Cut Off
50%
7 Come Back from San Francisco
50%
16 Punk Love
50%
8 The Luckiest Guy on the Lower East Side
50%
37 Washington, D.C.
50%
26 When My Boy Walks Down the Street
50%
68 Xylophone Track
50%
51 Acoustic Guitar
25%
19 A Pretty Girl Is Like...
25%
18 Boa Constrictor
25%
57 Experimental Music Love
25%
29 Grand Canyon
25%
14 How Fucking Romantic
25%
6 I Don't Want to Get Over You
25%
31 If You Don't Cry
25%
50 I'm Sorry I Love You
25%
46 I Shatter
25%
38 Long-Forgotten Fairytale
25%
53 Love in the Shadows
25%
59 Love Is Like a Bottle of Gin
25%
25 Love Is Like Jazz
25%
17 Parades Go By
25%
22 Sweet-Lovin' Man
25%
15 The One You Really Love
25%
23 The Things We Did and Didn't Do
25%
27 Time Enough for Rocking When We're Old
25%
47 Underwear
25%
36 World Love
25%
56 Yeah! Oh, Yeah!
25%
45 Abigail, Belle of Kilronan
0%
42 Asleep and Dreaming
0%
54 Bitter Tears
0%
61 Blue You
0%
49 Busby Berkeley Dreams
0%
33 (Crazy for You But) Not That Crazy
0%
41 Epitaph for My Heart
0%
13 Fido, Your Leash Is Too Long
0%
66 For We Are the King of the Boudoir
0%
64 How to Say Goodbye
0%
62 I Can't Touch You Anymore
0%
11 I Think I Need a New Heart
0%
48 It's a Crime
0%
39 Kiss Me Like You Mean It
0%
9 Let's Pretend We're Bunny Rabbits
0%
58 Meaningless
0%
34 My Only Friend
0%
20 My Sentimental Melody
0%
30 No One Will Ever Love You
0%
21 Nothing Matters When We're Dancing
0%
35 Promises of Eternity
0%
60 Queen of the Savages
0%
24 Roses
0%
67 Strange Eyes
0%
10 The Cactus Where Your Heart Should Be
0%
52 The Death of Ferdinand de Saussure
0%
65 The Night You Can't Remember
0%
43 The Sun Goes Down and the World Goes Dancing
0%
44 The Way You Say Good-Night
0%
63 Two Kinds of People
0%
28 Very Funny
0%
55 Wi' Nae Wee Bairn Ye'll Me Beget
0%
32 You're My Only Home
0%
No matching quizzes found
Score Distribution
Percent of People with Each Score
Percentile by Number Answered
Your Score History
You have not taken this quiz